<?xml version="1.0" encoding="UTF-8"?>
<collection xmlns="http://www.loc.gov/MARC21/slim">
 <record>
  <leader>01758pam a22002658a 4500</leader>
  <controlfield tag="001">00022665</controlfield>
  <controlfield tag="005">20171026081022.0</controlfield>
  <controlfield tag="008">110601s2003                  ||||||Viesd</controlfield>
  <datafield tag="041" ind1="0" ind2="#">
   <subfield code="a">Vie</subfield>
  </datafield>
  <datafield tag="082" ind1="1" ind2="4">
   <subfield code="a">730.02</subfield>
   <subfield code="b">GI103PH</subfield>
  </datafield>
  <datafield tag="100" ind1="0" ind2="#">
   <subfield code="a">Đinh Tiến Hiếu</subfield>
  </datafield>
  <datafield tag="245" ind1="0" ind2="0">
   <subfield code="a">Giải phẫu tạo hình</subfield>
   <subfield code="b">Giáo trình đào tạo giáo viên hệ cao đẳng sư phạm</subfield>
   <subfield code="c">Đinh Tiến Hiếu</subfield>
  </datafield>
  <datafield tag="260" ind1="#" ind2="#">
   <subfield code="a">H.</subfield>
   <subfield code="b">Đại học sư phạm</subfield>
   <subfield code="c">2003</subfield>
  </datafield>
  <datafield tag="300" ind1="#" ind2="#">
   <subfield code="a">134 tr.</subfield>
   <subfield code="c">24 cm.</subfield>
   <subfield code="b">hình vẽ</subfield>
  </datafield>
  <datafield tag="490" ind1="#" ind2="#">
   <subfield code="a">ĐTTS ghi: Bộ Giáo Dục và Đào Tạo - Dự án đào tạo giáo viên trung học cơ sở</subfield>
  </datafield>
  <datafield tag="653" ind1="#" ind2="#">
   <subfield code="a">Con người</subfield>
  </datafield>
  <datafield tag="653" ind1="#" ind2="#">
   <subfield code="a">Tạo hình</subfield>
  </datafield>
  <datafield tag="653" ind1="#" ind2="#">
   <subfield code="a">Nghệ thuật</subfield>
  </datafield>
  <datafield tag="653" ind1="#" ind2="#">
   <subfield code="a">Giải phẩu</subfield>
  </datafield>
  <datafield tag="852" ind1="#" ind2="#">
   <subfield code="b">Kho giáo trình</subfield>
   <subfield code="j">KGT.0013078, KGT.0013079, KGT.0013080, KGT.0013081, KGT.0013082, KGT.0013083, KGT.0013084, KGT.0013085, KGT.0013086, KGT.0013087, KGT.0013088, KGT.0013089, KGT.0013090, KGT.0013091, KGT.0013092, KGT.0013093, KGT.0013094, KGT.0013095, KGT.0013096, KGT.0013097, KGT.0013098, KGT.0013099, KGT.0013100, KGT.0013101, KGT.0032942, KGT.0032973, KGT.0033166, KGT.0033389, KGT.0033456</subfield>
  </datafield>
  <datafield tag="852" ind1="#" ind2="#">
   <subfield code="j">KD.0007613</subfield>
   <subfield code="j">KGT.0013086</subfield>
   <subfield code="j">KGT.0013087</subfield>
   <subfield code="j">KGT.0013088</subfield>
   <subfield code="j">KGT.0013090</subfield>
   <subfield code="j">KGT.0013092</subfield>
   <subfield code="j">KGT.0013093</subfield>
   <subfield code="j">KGT.0013095</subfield>
   <subfield code="j">KGT.0013096</subfield>
   <subfield code="j">KGT.0013098</subfield>
   <subfield code="j">KGT.0013099</subfield>
   <subfield code="j">KGT.0013101</subfield>
   <subfield code="j">KGT.0013079</subfield>
   <subfield code="j">KGT.0013080</subfield>
   <subfield code="j">KGT.0013082</subfield>
   <subfield code="j">KGT.0013083</subfield>
   <subfield code="j">KGT.0033166</subfield>
   <subfield code="j">KGT.0032942</subfield>
   <subfield code="j">KGT.0032973</subfield>
   <subfield code="j">KGT.0033389</subfield>
   <subfield code="j">KGT.0033456</subfield>
   <subfield code="j">KGT.0013078</subfield>
   <subfield code="j">KGT.0013081</subfield>
   <subfield code="j">KGT.0013084</subfield>
   <subfield code="j">KGT.0013085</subfield>
   <subfield code="j">KGT.0013089</subfield>
   <subfield code="j">KGT.0013091</subfield>
   <subfield code="j">KGT.0013094</subfield>
   <subfield code="j">KGT.0013097</subfield>
   <subfield code="j">KGT.0013100</subfield>
  </datafield>
  <datafield tag="852" ind1="#" ind2="#">
   <subfield code="b">Kho đọc</subfield>
   <subfield code="j">KD.0007613</subfield>
  </datafield>
  <datafield tag="852" ind1="#" ind2="#">
   <subfield code="b">Kho mượn</subfield>
   <subfield code="j">KGT.0013078</subfield>
  </datafield>
  <datafield tag="910" ind1="0" ind2="#">
   <subfield code="a">kìm</subfield>
   <subfield code="d">01/06/2011</subfield>
  </datafield>
  <datafield tag="980" ind1="#" ind2="#">
   <subfield code="a">Trung tâm Học liệu Lê Vũ Hùng, Trường Đại học Đồng Tháp</subfield>
  </datafield>
 </record>
</collection>
